000 00678nas a2200229 4500
001 BR9510728
003 BR-BrBNA
005 20231205094819.0
007 ta
008 230509b bl.|||p| |||| 00| 00por d
040 _aBR-BrBNA
_bpor
_cBiblioteca Nacional de Agricultura
041 _a(Pt)
072 _aL73
100 1 _aPimentel Neto, M.
245 1 _aNao basta ministrar vermifugos para acabar com verminose do gado
650 _aBovino
650 _aVerminose
650 _aAnti-Helmintico
773 0 _tAgricultura e Pecuaria (Brazil)
_xISSN 0100-249X
_g(Sep 1973), no. 583 p. 25-26
_wBR9510728
909 _a202311
_bLúcia
_c55
_dLúcia Elande
942 _2AGRIS
_n0
_cANA
999 _c147018
_d147018